[Event "Let's Play Chess!"]
[Site "http://www.queenalice.com/game.php?id=1220764"]
[Date "2013.9.30"]
[Round "-"]
[White "DAPONT"]
[Black "Kravchenko"]
[Result "1-0"]
[WhiteElo "2113"]
[BlackElo "2109"]

1. e4 e5 2. Nf3 Nc6 3. d4 exd4 4. Nxd4 Bc5 5. Be3 Bxd4 6. Bxd4 Nf6 7. f3 O-O 8.
Be2 d5 9. exd5 Nxd4 10. Qxd4 Qxd5 11. Qc4 Qg5 12. Kf2 Be6 13. Qb5 Qf4 14. g3
Qd4+ 15. Kg2 a6 16. Qxb7 c5 17. Rd1 Qe3 18. Nc3 Rab8 19. Qxa6 Rxb2 20. Qd3 Qxd3
21. cxd3 Nd5 22. Nxd5 Rxe2+ 23. Kf1 Rxh2 24. Ne3 Bxa2 25. Ng2 Bd5 26. Kg1 Rh6
27. Nh4 Rh5 28. Re1 Rd8 29. Re3 Be6 30. Ng2 Rh3 31. f4 Rh5 32. Ra5 Rhd5 33. Ne1
Bf5 34. Kf2 Kf8 35. Ra7 Bxd3 36. g4 Bb1 37. Ree7 Rd2+ 38. Kg3 Ba2 39. g5 Bd5 40.
Re3 c4 41. f5 Re8 42. Rxe8+ 1-0

[Event "AUTO-ADV-2802"]
[Site "http://www.queenalice.com/game.php?id=1222026"]
[Date "2013.10.4"]
[Round "2"]
[White "matamuff"]
[Black "Kravchenko"]
[Result "1-0"]
[WhiteElo "1780"]
[BlackElo "1996"]

1. Nf3 Nf6 2. b4 d6 3. c4 Bg4 4. g3 Bxf3 5. exf3 e5 6. d3 d5 7. Qb3 Nc6 8. a3
Nd4 9. Qd1 c5 10. Bg2 cxb4 11. O-O bxa3 12. Nxa3 Qa5 13. Bb2 Bxa3 14. Rxa3 Qb4
15. Ra2 dxc4 16. dxc4 Qxc4 17. Bxd4 Qxa2 18. Bxe5 Rd8 19. Qc1 Qa6 20. Qb2 O-O
21. h3 Ne8 22. f4 f6 23. Ra1 Qb6 24. Qa2+ Kh8 25. Bc3 Rd3 26. Be1 Rxg3 27. Kh2
Rd3 28. Rb1 Qd6 29. Bb4 Qxf4+ 30. Kg1 Rg8 31. Rb3 1-0

[Event "AUTO-ADV-2802"]
[Site "http://www.queenalice.com/game.php?id=1222027"]
[Date "2013.10.4"]
[Round "2"]
[White "Kravchenko"]
[Black "matamuff"]
[Result "1-0"]
[WhiteElo "2138"]
[BlackElo "1788"]

1. d4 a6 2. e4 c5 3. dxc5 e6 4. Be3 Qa5+ 5. Qd2 Qc7 6. Qc3 Nf6 7. f3 Nc6 8. Nd2
Be7 9. Nc4 a5 10. Ne2 Bd8 11. Bf4 e5 12. Nd6+ Kf8 13. Qc4 1-0

[Event "AUTO-ADV-2813"]
[Site "http://www.queenalice.com/game.php?id=1224183"]
[Date "2013.10.13"]
[Round "2"]
[White "colognestar"]
[Black "Kravchenko"]
[Result "1-0"]
[WhiteElo "2200"]
[BlackElo "2152"]

1. e4 c5 2. Nc3 Nc6 3. g3 Nf6 4. Bg2 d6 5. h3 e5 6. Nge2 Be7 7. O-O Bd7 8. d3
O-O 9. f4 Qb6 10. Kh2 Kh8 11. f5 h6 12. g4 Rfb8 13. Ng3 Nd4 14. h4 Bc6 15. g5
hxg5 16. hxg5 Nh7 17. Qh5 Kg8 18. Rh1 Nxc2 19. Kg1 c4+ 20. Kf1 Kf8 21. Qxh7 Ke8
22. Qxg7 Nxa1 23. Rh7 Kd7 24. Qxf7 Re8 25. f6 cxd3 26. Qe6+ Kd8 27. fxe7+ Kc7
28. Nf5 Qc5 29. Be3 Qb4 30. a3 Qb3 31. Qxd6+ Kc8 32. Nd4 1-0

[Event "AUTO-ADV-2813"]
[Site "http://www.queenalice.com/game.php?id=1224184"]
[Date "2013.10.13"]
[Round "2"]
[White "Kravchenko"]
[Black "colognestar"]
[Result "1-0"]
[WhiteElo "2143"]
[BlackElo "2192"]

1. d4 d5 2. c4 e6 3. Nf3 Nf6 4. cxd5 exd5 5. Bg5 Be7 6. Nc3 O-O 7. e3 h6 8. Bxf6
Bxf6 9. Bd3 Re8 10. O-O Bg4 11. Qb3 Nd7 12. Nxd5 Bxf3 13. gxf3 Nb6 14. Nxb6 axb6
15. Kh1 Qd7 16. Rg1 Bh4 17. Rg2 Qh3 18. f4 Ra5 19. Rag1 Qf3 20. Qc2 Bf6 21. Qxc7
Rh5 22. Rf1 Bxd4 23. Qd7 1-0

[Event "AUTO-ADV-2813"]
[Site "http://www.queenalice.com/game.php?id=1224185"]
[Date "2013.10.13"]
[Round "2"]
[White "pizzaiolo72"]
[Black "Kravchenko"]
[Result "1-0"]
[WhiteElo "1946"]
[BlackElo "2057"]

1. d4 Nf6 2. c4 c5 3. d5 d6 4. Nc3 h6 5. e4 e5 6. dxe6 Bxe6 7. b3 Nc6 8. Nd5
Nxe4 9. Bd3 Bxd5 10. cxd5 Nc3 11. Qf3 Ne5 12. Qe3 Nxd5 13. Bb5+ Ke7 14. Qe4 Qa5+
15. Bd2 Qxb5 16. Qxd5 Nd3+ 17. Kd1 Nxf2+ 18. Kc2 Nxh1 19. a4 Qc6 20. Re1+ Kf6
21. Rf1+ Ke7 22. Rxf7+ Ke8 23. Qe6+ Kd8 24. Rxb7 Qxb7 25. Ba5+ Qb6 26. Bxb6+
axb6 27. Qd5 Ra7 28. Nh3 b5 29. axb5 Be7 30. b6 Ra2+ 31. Kb1 1-0

[Event "AUTO-ADV-2813"]
[Site "http://www.queenalice.com/game.php?id=1224186"]
[Date "2013.10.13"]
[Round "2"]
[White "Kravchenko"]
[Black "pizzaiolo72"]
[Result "0-1"]
[WhiteElo "2037"]
[BlackElo "1966"]

1. e4 c5 2. Nf3 d6 3. d4 cxd4 4. Nxd4 Nc6 5. Nxc6 bxc6 6. Nc3 g6 7. Bc4 Bg7 8.
Qf3 Be6 9. Bxe6 fxe6 10. O-O Qb6 11. Qg4 e5 12. Qe6 Nf6 13. Rb1 Qc7 14. f3 Qd7
15. Qxd7+ Nxd7 16. Bg5 h6 17. Be3 O-O 18. Kh1 Kh7 19. a3 Nb6 20. b3 e6 21. Rbd1
d5 22. Bc5 Rf7 23. a4 Nd7 24. Bd6 d4 25. Ne2 Bf8 26. Bxf8 Raxf8 27. Kg1 a5 28.
Nc1 g5 29. Nd3 c5 30. Nb2 Nb6 0-1

[Event "AUTO-OPEN-2940"]
[Site "http://www.queenalice.com/game.php?id=1235811"]
[Date "2013.11.27"]
[Round "3"]
[White "amarkin"]
[Black "Kravchenko"]
[Result "1-0"]
[WhiteElo "2427"]
[BlackElo "2156"]

1. e4 e5 2. f4 exf4 3. Nf3 g5 4. Nc3 g4 5. Ne5 Qh4+ 6. g3 fxg3 7. Qxg4 g2+ 8.
Qxh4 gxh1=Q 9. Qh5 Nh6 10. d4 Bb4 11. Bxh6 Bxc3+ 12. bxc3 Rf8 13. Bxf8 Qxe4+ 14.
Be2 Qd5 15. Bc4 Qe4+ 16. Kd1 Qh1+ 17. Kd2 Qg2+ 18. Ke3 1-0

[Event "AUTO-OPEN-2940"]
[Site "http://www.queenalice.com/game.php?id=1235812"]
[Date "2013.11.27"]
[Round "3"]
[White "Kravchenko"]
[Black "amarkin"]
[Result "0-1"]
[WhiteElo "2007"]
[BlackElo "2139"]

1. e4 e5 2. f4 exf4 3. Nf3 h6 4. Bc4 d6 5. d4 g5 6. O-O Bg7 7. Bb5+ Bd7 8. Nc3
Nc6 9. Qd2 Nf6 10. Bxc6 Bxc6 11. d5 Bd7 12. Re1 O-O 13. a3 Re8 14. Nd4 c6 15.
dxc6 bxc6 16. Nf3 Ng4 17. Kh1 Qb6 18. h3 Nf2+ 19. Kh2 Bxc3 0-1

[Event "AUTO-OPEN-2940"]
[Site "http://www.queenalice.com/game.php?id=1235817"]
[Date "2013.11.27"]
[Round "3"]
[White "Kravchenko"]
[Black "Ridigroll"]
[Result "1-0"]
[WhiteElo "2141"]
[BlackElo "2046"]

1. e4 e6 2. d4 d5 3. Nc3 Nf6 4. Bg5 Be7 5. e5 Nfd7 6. Bxe7 Qxe7 7. Qg4 O-O 8.
Nf3 f5 9. Qg5 Qf7 10. Bb5 a6 11. Bd3 c5 12. dxc5 Nxc5 13. O-O Nc6 14. Rad1 Nxd3
15. cxd3 h6 16. Qg3 1-0

[Event "AUTO-OPEN-2940"]
[Site "http://www.queenalice.com/game.php?id=1235818"]
[Date "2013.11.27"]
[Round "3"]
[White "Ridigroll"]
[Black "Kravchenko"]
[Result "0-1"]
[WhiteElo "2034"]
[BlackElo "2150"]

1. e4 c5 2. Nf3 Nc6 3. d4 cxd4 4. Nxd4 Qb6 5. Nxc6 dxc6 6. Be2 Be6 7. O-O Rd8 8.
Nd2 Nf6 9. Bf3 Qc5 10. c3 Bc4 11. Re1 e5 12. Qc2 Bd3 13. Qb3 Rd7 14. Nf1 Bc4 15.
Qc2 Be7 16. Be3 Qa5 0-1

[Event "AUTO-OPEN-2940"]
[Site "http://www.queenalice.com/game.php?id=1235819"]
[Date "2013.11.27"]
[Round "3"]
[White "Kravchenko"]
[Black "gedr59"]
[Result "0-1"]
[WhiteElo "2115"]
[BlackElo "2304"]

1. e4 e6 2. d4 d5 3. exd5 exd5 4. Bd3 Nc6 5. Ne2 Bd6 6. Nbc3 Nb4 7. O-O c6 8. a3
Nxd3 9. Qxd3 Qc7 10. g3 Ne7 11. Bf4 Bf5 12. Qd2 h5 13. Bxd6 Qxd6 14. h4 O-O-O
15. Rfe1 f6 16. Na4 g5 17. hxg5 h4 18. Qa5 Kb8 19. gxf6 Qxf6 20. Rac1 Be4 0-1

[Event "AUTO-OPEN-2940"]
[Site "http://www.queenalice.com/game.php?id=1235820"]
[Date "2013.11.27"]
[Round "3"]
[White "gedr59"]
[Black "Kravchenko"]
[Result "1-0"]
[WhiteElo "2297"]
[BlackElo "2122"]

1. c4 e5 2. Nc3 Nf6 3. Nf3 Nc6 4. e3 Bb4 5. Qc2 d6 6. d3 Bg4 7. Be2 O-O 8. O-O
Qe7 9. Nd5 Nxd5 10. cxd5 Nd8 11. Qc4 Bxf3 12. Bxf3 Bc5 13. d4 exd4 14. exd4 Qh4
15. Be3 Bb6 16. g3 Qh3 17. Rfe1 Ba5 18. b4 Bb6 19. Bf4 a5 20. b5 f6 21. Re7 1-0

[Event "AUTO-OPEN-3056"]
[Site "http://www.queenalice.com/game.php?id=1249611"]
[Date "2014.1.19"]
[Round "2"]
[White "Aspayne"]
[Black "Kravchenko"]
[Result "1-0"]
[WhiteElo "2008"]
[BlackElo "2076"]

1. e4 e5 2. Nf3 Nc6 3. Nc3 Nf6 4. Nxe5 Nxe5 5. d4 Nc6 6. d5 Ne5 7. f4 Ng6 8. e5
Ng8 9. d6 cxd6 10. exd6 Qh4+ 11. g3 Qf6 12. Nb5 Kd8 13. Be3 b6 14. Qf3 Rb8 15.
O-O-O 1-0

[Event "AUTO-OPEN-3056"]
[Site "http://www.queenalice.com/game.php?id=1249612"]
[Date "2014.1.19"]
[Round "2"]
[White "Kravchenko"]
[Black "Aspayne"]
[Result "0-1"]
[WhiteElo "2096"]
[BlackElo "1988"]

1. d4 Nf6 2. c4 e5 3. dxe5 Ng4 4. Nf3 Nc6 5. Bf4 Bb4+ 6. Nbd2 Qe7 7. a3 Ngxe5 8.
Nxe5 Nxe5 9. e3 Bxd2+ 10. Qxd2 d6 11. O-O-O Bf5 12. c5 O-O-O 13. Qd5 Be6 14. Qd4
g5 0-1